000
00311nam a22001457a 4500
008
210309b ||||| |||| 00| 0 eng d
020
_a
139780176531713
041
_a
eng
080
_a
159.9
082
_2
159.9
100
_a
48
101
_a
PSI
245
_a
Psychology
_c
Stephen Hawking
942
_2
udc
_c
BK
999
_c
56084
_d
56084